000
00335nam a2200133Ia 4500
008
140626s9999 xx 000 0 und d
100
_a
Segal, Jonathan
245
_a
Defending Your Reduction in Force /
_c
Jonathan Segal.
260
_c
c2012.
300
_a
57 : 9, page 103
440
_a
HR Magazine
521
_a
BSBA
942
_c
SE
999
_c
121487
_d
121487